Online katalóg knižníc regiónu Turca

Sloní chobot, levia laba, nech je zo mňa ježibaba! (Record no. 21724)

MARC details
000 -LEADER
fixed length control field 01875nam a2200517 a 4500
001 - CONTROL NUMBER
control field 21724
003 - CONTROL NUMBER IDENTIFIER
control field VRT
005 - DATE AND TIME OF LATEST TRANSACTION
control field 20260309103315.0
008 - FIXED-LENGTH DATA ELEMENTS--GENERAL INFORMATION
fixed length control field 240318s xo a r slo
015 ## - NATIONAL BIBLIOGRAPHY NUMBER
National bibliography number SNBA2003/12-04719
020 ## - INTERNATIONAL STANDARD BOOK NUMBER
International Standard Book Number 8071466638
035 ## - SYSTEM CONTROL NUMBER
System control number SNK000405790
035 ## - SYSTEM CONTROL NUMBER
System control number urn:nbn:sk:snk-amtic9
035 ## - SYSTEM CONTROL NUMBER
System control number urn:nbn:sk:snk-am00c5k1
035 ## - SYSTEM CONTROL NUMBER
System control number 1E8D46C4-F3F7-4272-8AB6-E7BB167ECB25
039 #9 - LEVEL OF BIBLIOGRAPHIC CONTROL AND CODING DETAIL [OBSOLETE]
Level of rules in bibliographic description 202403181421
Level of effort used to assign nonsubject heading access points VLOAD
Level of effort used to assign subject headings 202402262135
Level of effort used to assign classification VLOAD
Level of effort used to assign subject headings 202309111533
Level of effort used to assign classification AUTHORITY
Level of effort used to assign subject headings 201712151404
Level of effort used to assign classification VLOAD
040 ## - CATALOGING SOURCE
Original cataloging agency SNK
Language of cataloging slo
Transcribing agency SNK
Description conventions AACR2
041 0# - LANGUAGE CODE
Language code of text/sound track or separate title slo
044 ## - COUNTRY OF PUBLISHING/PRODUCING ENTITY CODE
MARC country code xo
ISO country code SK
072 #7 - SUBJECT CATEGORY CODE
Subject category code 821-93
Source konspekt
080 ## - UNIVERSAL DECIMAL CLASSIFICATION NUMBER
Universal Decimal Classification number 821.133.1-93
Edition identifier 2. slo
080 ## - UNIVERSAL DECIMAL CLASSIFICATION NUMBER
Universal Decimal Classification number 821.133.1-3(0.053.2)
Edition identifier 2. slo
080 ## - UNIVERSAL DECIMAL CLASSIFICATION NUMBER
Universal Decimal Classification number 821-32
Edition identifier 1981
080 ## - UNIVERSAL DECIMAL CLASSIFICATION NUMBER
Universal Decimal Classification number 821-93
Edition identifier 1981
080 ## - UNIVERSAL DECIMAL CLASSIFICATION NUMBER
Universal Decimal Classification number (0:82-32)
Edition identifier 1981
080 ## - UNIVERSAL DECIMAL CLASSIFICATION NUMBER
Universal Decimal Classification number (041)
Edition identifier 1981
100 1# - MAIN ENTRY--PERSONAL NAME
Personal name Dittelová, Gabriela,
Dates associated with a name 1973-
Relationship aut
130 10 - MAIN ENTRY--UNIFORM TITLE
Uniform title Une sorciére pas ordinaire, la petite sorciére.
Language of a work Slovensky
245 10 - TITLE STATEMENT
Title Sloní chobot, levia laba, nech je zo mňa ježibaba!
Statement of responsibility, etc. [prerozprávala a zveršovala Gabriela Dittelová ; preklad Tatiana Žáryová]
250 ## - EDITION STATEMENT
Edition statement Slov. vyd.
260 ## - PUBLICATION, DISTRIBUTION, ETC.
Place of publication, distribution, etc. Bratislava
Name of publisher, distributor, etc. Junior
Date of publication, distribution, etc. [2002]
300 ## - PHYSICAL DESCRIPTION
Extent 41 s.
Other physical details fareb. ilustr.
Dimensions 30 cm
500 ## - GENERAL NOTE
General note Fareb. ilustr. na tit. strane, front. a predsádkach
650 07 - SUBJECT ADDED ENTRY--TOPICAL TERM
Topical term or geographic name entry element autorské rozprávky, francúzske
Source of heading or term SNK
655 #7 - INDEX TERM--GENRE/FORM
Genre/form data or focus term umelecká literatúra
Source of term SNK
655 #7 - INDEX TERM--GENRE/FORM
Genre/form data or focus term príbehy
655 #7 - INDEX TERM--GENRE/FORM
Genre/form data or focus term publikácie pre deti
655 #7 - INDEX TERM--GENRE/FORM
Genre/form data or focus term brožúry
700 1# - ADDED ENTRY--PERSONAL NAME
Personal name Žáryová, Tatiana
Relationship trl
730 ## - ADDED ENTRY--UNIFORM TITLE
Title of a work Une sorciére pas ordinaire, la petite sorciére
942 ## - ADDED ENTRY ELEMENTS (KOHA)
Source of classification or shelving scheme Dewey Decimal Classification
Koha item type Krásna literatúra pre deti
Suppress in OPAC No
949 ## - LOCAL PROCESSING INFORMATION (OCLC)
6 17A0377146
9 P60, <03>, [BOOK], {603}
a snkSB 66371
b snkKSP 3169/2003
s 6100:20160606
949 ## - LOCAL PROCESSING INFORMATION (OCLC)
6 17A0377147
9 P60, <04>, [BOOK], {604}
a snkSB 66371 D1
b snkKSP 3170/2003
949 ## - LOCAL PROCESSING INFORMATION (OCLC)
6 2889367997
a savukPV 5576
Holdings
Stav vyradenia Strata Poškodenie Spôsob nadobudnutia Domovská knižnica Aktuálna knižnica Dátum nadobudnutia Total checkouts Čiarový kód exemplára Date last seen Typ exemplára
      Dar Obecná knižnica Turčianska Štiavnička Obecná knižnica Turčianska Štiavnička 09.03.2026   4738000322 09.03.2026 Krásna literatúra pre deti
Projekt je podporený Slovenskou asociáciou knižníc
Prevádzkuje Turčianska knižnica Martin 2026